KOHA-Header-6

کمال ہم نشیں (Record no. 13963)

000 -LEADER
fixed length control field 00235nam a22000977a 4500
100 ## - MAIN ENTRY--AUTHOR NAME
Personal name سید بابر علی
245 ## - TITLE STATEMENT
Title کمال ہم نشیں
260 ## - PUBLICATION, DISTRIBUTION, ETC. (IMPRINT)
Place of publication لاہور
Name of publisher ٹوپیکل پرنٹنگ پریس
300 ## - PHYSICAL DESCRIPTION
Number of Pages 331
942 ## - ADDED ENTRY ELEMENTS (KOHA)
Koha item type Books
Holdings
Withdrawn status Lost status Collection code Permanent Location Current Location Shelving location Date acquired Accession Number Koha item type
    Urdu Literature MAJU MAJU Shelf No.A11 2024-08-30 11050 Books

Powered by Koha